[Event "Qatar Masters Open 2014"]
[Site "Doha QAT"]
[Date "2014.11.27"]
[Round "2.13"]
[White "Guseinov, Gadir"]
[Black "Sjugirov, Sanan"]
[Result "1/2-1/2"]
[WhiteElo "2592"]
[BlackElo "2673"]
[PlyCount "78"]
[EventDate "2014.11.26"]
[EventType "swiss"]
[EventRounds "9"]
[EventCountry "QAT"]
[Source "lmi"]
[SourceDate "2014.11.26"]

1. e4 c5 2. Nc3 e6 3. Nf3 d6 4. d4 cxd4 5. Nxd4 Nf6 6. g3 Be7 7. Bg2 O-O 8. O-O
Nc6 9. Be3 Bd7 10. Qe2 a6 11. a4 Rc8 12. Nxc6 Bxc6 13. a5 Nd7 14. Rfd1 Qc7 15.
Bd4 Bf6 16. Bxf6 Nxf6 17. Qe3 Rfd8 18. h3 h6 19. Rd4 d5 20. exd5 Nxd5 21. Nxd5
Bxd5 22. Bxd5 Rxd5 23. Rxd5 exd5 24. c3 Qc5 25. Ra4 Qb5 26. Rb4 Qd7 27. Kg2 Rc4
28. Qb6 Qe7 29. Rxc4 dxc4 30. h4 Qe4+ 31. Kh2 Qd5 32. Qc7 Kh7 33. Kg1 g5 34.
hxg5 hxg5 35. Kh2 Kg6 36. Qc8 Kf6 37. g4 Ke5 38. Qf5+ Kd6 39. Qf6+ Kd7 1/2-1/2

[Event "Qatar Masters Open 2014"]
[Site "Doha QAT"]
[Date "2014.11.27"]
[Round "2.14"]
[White "Salem, A.R. Saleh"]
[Black "Fedorchuk, Sergey A"]
[Result "1-0"]
[WhiteElo "2586"]
[BlackElo "2664"]
[PlyCount "65"]
[EventDate "2014.11.26"]
[EventType "swiss"]
[EventRounds "9"]
[EventCountry "QAT"]
[Source "lmi"]
[SourceDate "2014.11.26"]

1. d4 Nf6 2. c4 e6 3. Nf3 b6 4. a3 Bb7 5. Nc3 g6 6. Qc2 Bxf3 7. gxf3 Nc6 8. e3
Bg7 9. Bd2 O-O 10. O-O-O Nh5 11. h4 d5 12. cxd5 exd5 13. Kb1 Ne7 14. e4 dxe4
15. fxe4 Qxd4 16. Bg5 Qc5 17. Rd7 Nc6 18. Rd5 Nd4 19. Qd1 Qc6 20. Rxd4 Bxd4 21.
Qxd4 f6 22. Bh6 Rfd8 23. Bb5 Qd6 24. Qc4+ Kh8 25. Rd1 Qh2 26. Rxd8+ Rxd8 27.
Qf7 Qxf2 28. Be2 Rg8 29. e5 Qf5+ 30. Ka2 Qxe5 31. Bxh5 gxh5 32. Nd5 Qf5 33. Ne7
1-0

[Event "Qatar Masters Open 2014"]
[Site "Doha QAT"]
[Date "2014.11.27"]
[Round "2.15"]
[White "Gopal, G.N."]
[Black "Kuzubov, Yuriy"]
[Result "1/2-1/2"]
[WhiteElo "2580"]
[BlackElo "2661"]
[PlyCount "60"]
[EventDate "2014.11.26"]
[EventType "swiss"]
[EventRounds "9"]
[EventCountry "QAT"]
[Source "lmi"]
[SourceDate "2014.11.26"]

1. e4 d6 2. d4 Nf6 3. Nc3 e5 4. Nf3 Nbd7 5. Bc4 Be7 6. O-O O-O 7. a4 c6 8. Ba2
a5 9. Re1 exd4 10. Nxd4 Nc5 11. h3 Be6 12. Qf3 Qd7 13. Be3 Bxa2 14. Rxa2 Rfe8
15. Raa1 Bd8 16. Bf4 Ne6 17. Rad1 Nxf4 18. Qxf4 g6 19. Nf3 Be7 20. e5 Nh5 21.
Qh6 f5 22. exd6 Bxd6 23. Rxe8+ Rxe8 24. Qd2 Rd8 25. Qd4 Ng7 26. Qb6 Qc7 27.
Qb3+ Qf7 28. Qb6 Qc7 29. Qb3+ Qf7 30. Qb6 Qc7 1/2-1/2

[Event "Qatar Masters Open 2014"]
[Site "Doha QAT"]
[Date "2014.11.27"]
[Round "2.16"]
[White "Edouard, Romain"]
[Black "Zhao, Jun"]
[Result "1/2-1/2"]
[WhiteElo "2659"]
[BlackElo "2578"]
[PlyCount "86"]
[EventDate "2014.11.26"]
[EventType "swiss"]
[EventRounds "9"]
[EventCountry "QAT"]
[Source "lmi"]
[SourceDate "2014.11.26"]

1. d4 Nf6 2. c4 e6 3. Nc3 Bb4 4. Nf3 b6 5. Qb3 c5 6. Bg5 cxd4 7. Qxb4 Na6 8.
Qa3 dxc3 9. Qxc3 Bb7 10. Nd2 Rc8 11. e4 Nc5 12. e5 Nfe4 13. Nxe4 Nxe4 14. Bxd8
Nxc3 15. Bg5 Ne4 16. Be3 d5 17. cxd5 Bxd5 18. Bb5+ Ke7 19. f3 Nc5 20. O-O Rc7
21. Bg5+ f6 22. Bh4 a6 23. Be2 b5 24. b3 Rhc8 25. Rad1 Kf7 26. exf6 gxf6 27.
Rd4 Nd7 28. Bd3 h6 29. Be1 Ne5 30. Bb1 Rc1 31. Bd2 Rxf1+ 32. Kxf1 h5 33. Kf2
Ng6 34. Be3 Rc7 35. f4 Ne7 36. g3 Rd7 37. Rd2 f5 38. Bd3 Ng8 39. Be2 Nf6 40.
Rc2 Ng4+ 41. Bxg4 fxg4 42. Bb6 Be4 43. Rc7 Rxc7 1/2-1/2

[Event "Qatar Masters Open 2014"]
[Site "Doha QAT"]
[Date "2014.11.27"]
[Round "2.18"]
[White "Efimenko, Zahar"]
[Black "Grandelius, Nils"]
[Result "0-1"]
[WhiteElo "2644"]
[BlackElo "2573"]
[PlyCount "132"]
[EventDate "2014.11.26"]
[EventType "swiss"]
[EventRounds "9"]
[EventCountry "QAT"]
[Source "lmi"]
[SourceDate "2014.11.26"]

1. e4 c5 2. Nf3 d6 3. d4 cxd4 4. Nxd4 Nf6 5. Nc3 g6 6. g3 Nc6 7. Nde2 b6 8. Bg2
Ba6 9. O-O Bg7 10. Re1 Rc8 11. Nd5 Nd7 12. Rb1 O-O 13. Be3 e6 14. Ndf4 Nf6 15.
c3 Ne5 16. f3 Bb7 17. Nd3 Ned7 18. b3 Ne8 19. c4 d5 20. exd5 exd5 21. f4 Nef6
22. Nc3 Ne4 23. Nxe4 dxe4 24. Nf2 f5 25. Qd6 Nc5 26. Qxd8 Rfxd8 27. Rbd1 Ne6
28. Rxd8+ Rxd8 29. Rd1 Bd4 30. Bxd4 Nxd4 31. Re1 Kf8 32. Re3 Nc2 33. Re2 Nd4
34. Re3 Ne6 35. Kf1 Ke7 36. Ke1 Kf6 37. Nd1 h6 38. h4 g5 39. hxg5+ hxg5 40.
fxg5+ Nxg5 41. Nc3 Ke5 42. Ne2 Ne6 43. Rc3 Bc6 44. b4 Be8 45. Bh3 Bh5 46. c5
bxc5 47. bxc5 Bxe2 48. Kxe2 Rc8 49. Ra3 Nd4+ 50. Kf1 Rxc5 51. Rxa7 Rc1+ 52. Kf2
Rc2+ 53. Kf1 Rc3 54. Ra5+ Kf6 55. Ra4 Ke5 56. Ra5+ Kf6 57. Ra4 Rd3 58. Rc4 Ke5
59. Rc5+ Kd6 60. Rc4 Kd5 61. Ra4 Rxg3 62. Bg2 Rc3 63. Ra5+ Ke6 64. Ra8 Ke5 65.
a4 e3 66. Re8+ Kf4 0-1

[Event "Qatar Masters Open 2014"]
[Site "Doha QAT"]
[Date "2014.11.27"]
[Round "2.19"]
[White "Ivanisevic, Ivan"]
[Black "Indjic, Aleksandar"]
[Result "1-0"]
[WhiteElo "2643"]
[BlackElo "2538"]
[PlyCount "85"]
[EventDate "2014.11.26"]
[EventType "swiss"]
[EventRounds "9"]
[EventCountry "QAT"]
[Source "lmi"]
[SourceDate "2014.11.26"]

1. d4 g6 2. e4 Bg7 3. Nc3 c6 4. f4 d5 5. e5 h5 6. Nf3 Bg4 7. h3 Bxf3 8. Qxf3 e6
9. Be3 h4 10. Bd3 Nd7 11. O-O Nh6 12. Ne2 Nf5 13. Bf2 Qe7 14. b3 f6 15. c4
O-O-O 16. Rac1 Kb8 17. c5 Rdf8 18. Bxf5 exf5 19. b4 Rc8 20. b5 fxe5 21. fxe5
Nf8 22. Rb1 Ka8 23. Nc3 Qe6 24. Na4 Nd7 25. Qa3 Bf8 26. Rb4 b6 27. Rfb1 Rb8 28.
Nc3 Be7 29. bxc6 Qxc6 30. Nb5 Rb7 31. Nd6 Bxd6 32. cxd6 Rc8 33. e6 Nf8 34. d7
Rcb8 35. d8=Q Rxd8 36. e7 Rxe7 37. Rxb6 Qe8 38. Bxh4 g5 39. Bxg5 Re1+ 40. Rxe1
Qxe1+ 41. Kh2 Rc8 42. Qa6 Rc7 43. Rd6 1-0

[Event "Qatar Masters Open 2014"]
[Site "Doha QAT"]
[Date "2014.11.27"]
[Round "2.21"]
[White "Gao, Rui"]
[Black "Rakhmanov, Aleksandr"]
[Result "1/2-1/2"]
[WhiteElo "2523"]
[BlackElo "2636"]
[PlyCount "160"]
[EventDate "2014.11.26"]
[EventType "swiss"]
[EventRounds "9"]
[EventCountry "QAT"]
[Source "lmi"]
[SourceDate "2014.11.26"]

1. e4 d5 2. exd5 Qxd5 3. Nc3 Qd6 4. d4 Nf6 5. Nf3 g6 6. Nb5 Qb6 7. Be2 c6 8.
Na3 Bg7 9. O-O O-O 10. c3 Qc7 11. Bg5 Nbd7 12. Nc4 Nb6 13. Re1 Be6 14. Nce5 c5
15. dxc5 Qxc5 16. Nd3 Qc8 17. Nd4 Bc4 18. Bf3 e6 19. Ne5 Bd5 20. Qc1 Nbd7 21.
Nxd7 Qxd7 22. Qf4 Bxf3 23. Nxf3 Nh5 24. Qe3 Qb5 25. Rab1 Qa4 26. a3 Nf6 27. Ne5
Nd5 28. Qh3 Qc2 29. Ng4 Rfc8 30. Nh6+ Bxh6 31. Bxh6 Rc4 32. Qg3 Qf5 33. Rbd1
Qh5 34. Qg5 Qxg5 35. Bxg5 b5 36. Be3 a5 37. Bd4 Ra6 38. g3 g5 39. Re4 f6 40.
Rde1 Kf7 41. f3 a4 42. h4 h6 43. hxg5 hxg5 44. Kg2 Rc8 45. Rh1 Kg6 46. Rhe1 e5
47. Bf2 Rd6 48. R1e2 Kf5 49. Rc2 Rc4 50. Rce2 Rdc6 51. Re1 Rc8 52. R1e2 Rg8 53.
Re1 Rgc8 54. R1e2 Ke6 55. Re1 Ne7 56. Bb6 Nf5 57. R4e2 Nd6 58. Bf2 R4c7 59. Rb1
Rd7 60. Be1 Rh8 61. b3 axb3 62. Bf2 Rdh7 63. Bg1 Rc8 64. Rxb3 Rhc7 65. f4 gxf4
66. gxf4 e4 67. Bd4 Rg8+ 68. Kf1 Rh7 69. f5+ Kd5 70. Ke1 Rh1+ 71. Kd2 Ra1 72.
Ke3 Nxf5+ 73. Kf2 Ng3 74. Rxb5+ Ke6 75. Rb6+ Kd7 76. Reb2 Rf1+ 77. Ke3 Rf3+ 78.
Kd2 e3+ 79. Bxe3 Nf1+ 80. Ke2 Rxe3+ 1/2-1/2

[Event "Qatar Masters Open 2014"]
[Site "Doha QAT"]
[Date "2014.11.27"]
[Round "2.22"]
[White "Xu, Jun"]
[Black "Gupta, Abhijeet"]
[Result "1/2-1/2"]
[WhiteElo "2523"]
[BlackElo "2632"]
[PlyCount "60"]
[EventDate "2014.11.26"]
[EventType "swiss"]
[EventRounds "9"]
[EventCountry "QAT"]
[Source "lmi"]
[SourceDate "2014.11.26"]

1. Nf3 Nf6 2. c4 g6 3. Nc3 d5 4. cxd5 Nxd5 5. e4 Nxc3 6. bxc3 Bg7 7. Be2 c5 8.
O-O Nc6 9. Qa4 O-O 10. Ba3 Bg4 11. Bxc5 Bxf3 12. Bxf3 Qxd2 13. Rac1 Ne5 14. Be3
Nxf3+ 15. gxf3 Qd6 16. Rfd1 Qe6 17. Kg2 b6 18. c4 Rfc8 19. c5 bxc5 20. Rxc5
Rxc5 21. Bxc5 a6 22. Rd5 Rc8 23. Qb3 Bf8 24. Be3 Qc6 25. Rc5 Qd7 26. Rd5 Qc6
27. Rc5 Qd7 28. Rd5 Qc6 29. Rc5 Qd7 30. Rd5 Qc6 1/2-1/2

[Event "Qatar Masters Open 2014"]
[Site "Doha QAT"]
[Date "2014.11.27"]
[Round "2.23"]
[White "Donchenko, Alexander"]
[Black "Dubov, Daniil"]
[Result "0-1"]
[WhiteElo "2523"]
[BlackElo "2629"]
[PlyCount "102"]
[EventDate "2014.11.26"]
[EventType "swiss"]
[EventRounds "9"]
[EventCountry "QAT"]
[Source "lmi"]
[SourceDate "2014.11.26"]

1. d4 e6 2. c4 c5 3. d5 exd5 4. cxd5 g6 5. e4 Bg7 6. Nc3 d6 7. Nge2 Nd7 8. Ng3
a6 9. a4 h5 10. Be2 Qe7 11. f3 Bd4 12. Nf1 Qh4+ 13. g3 Qf6 14. Be3 Ne5 15. h4
Ne7 16. Bg5 Qg7 17. Qd2 Bd7 18. a5 Nc8 19. Be3 b5 20. f4 Ng4 21. Bxd4 cxd4 22.
Na2 O-O 23. Rd1 d3 24. Bxd3 Re8 25. Qc3 Qxc3+ 26. Nxc3 b4 27. Na2 Bb5 28. Bxb5
axb5 29. Nd2 Rxa5 30. Nxb4 f5 31. Ke2 Ra4 32. Nc6 Ra2 33. Rb1 fxe4 34. Nd4 Ne7
35. Nxe4 Nxd5 36. Kf3 Ra4 37. Rbd1 Nde3 38. Rd3 Rxe4 39. Kxe4 Nf5 40. Rhd1 Nf2+
41. Kd5 Rxd4+ 42. Rxd4 Nxd1 43. Rb4 Nde3+ 44. Ke4 Kf7 45. Rxb5 Ke6 46. b4 Ng4
47. Rb7 d5+ 48. Kf3 d4 49. Rb6+ Kd5 50. Rxg6 d3 51. Rg5 Nge3 0-1

[Event "Qatar Masters Open 2014"]
[Site "Doha QAT"]
[Date "2014.11.27"]
[Round "2.24"]
[White "Libiszewski, Fabien"]
[Black "Volokitin, Andrei"]
[Result "1/2-1/2"]
[WhiteElo "2522"]
[BlackElo "2627"]
[PlyCount "65"]
[EventDate "2014.11.26"]
[EventType "swiss"]
[EventRounds "9"]
[EventCountry "QAT"]
[Source "lmi"]
[SourceDate "2014.11.26"]

1. e4 c5 2. Nf3 d6 3. Bb5+ Bd7 4. Bxd7+ Nxd7 5. O-O Ngf6 6. Qe2 Rc8 7. c4 Ne5
8. b3 g6 9. Bb2 Nxf3+ 10. Qxf3 Bg7 11. e5 dxe5 12. Bxe5 Qd7 13. Nc3 O-O 14.
Rad1 Ng4 15. Bxg7 Kxg7 16. Nd5 Nf6 17. Qc3 Qd6 18. Rfe1 Rfe8 19. Re5 Kg8 20.
Rde1 Nxd5 21. Rxd5 Qc6 22. d4 Qf6 23. Qe3 cxd4 24. Rxd4 a6 25. a4 Red8 26. Red1
Rxd4 27. Qxd4 Qxd4 28. Rxd4 b5 29. axb5 axb5 30. Kf1 bxc4 31. bxc4 e5 32. Rd5
Rxc4 33. Rxe5 1/2-1/2

[Event "Qatar Masters Open 2014"]
[Site "Doha QAT"]
[Date "2014.11.27"]
[Round "2.25"]
[White "Khotenashvili, Bela"]
[Black "Salgado Lopez, Ivan"]
[Result "1/2-1/2"]
[WhiteElo "2504"]
[BlackElo "2622"]
[PlyCount "108"]
[EventDate "2014.11.26"]
[EventType "swiss"]
[EventRounds "9"]
[EventCountry "QAT"]
[Source "lmi"]
[SourceDate "2014.11.26"]

1. d4 Nf6 2. c4 b6 3. Nc3 Bb7 4. Nf3 e6 5. a3 d5 6. cxd5 Nxd5 7. e3 Be7 8. Bb5+
c6 9. Bd3 O-O 10. Qc2 h6 11. Ne2 Nf6 12. e4 c5 13. e5 Nfd7 14. Bh7+ Kh8 15. Be4
Nc6 16. h4 Nxd4 17. Nexd4 Bxe4 18. Qxe4 cxd4 19. b4 f5 20. exf6 Nxf6 21. Qxd4
Qxd4 22. Nxd4 Ng4 23. Ra2 Rac8 24. O-O e5 25. Nf3 e4 26. Nh2 Nxh2 27. Kxh2 Bxh4
28. Be3 Rc3 29. Rd1 Rd8 30. Rxd8+ Bxd8 31. b5 Kh7 32. a4 Bg5 33. Bxg5 hxg5 34.
a5 Rc5 35. axb6 axb6 36. Ra4 Re5 37. Rc4 Rxb5 38. Rxe4 Kg6 39. Re7 g4 40. Kg3
Rb4 41. Rb7 Kh6 42. Kh4 b5 43. Rb6+ g6 44. Rb8 g5+ 45. Kg3 Kg6 46. Rg8+ Kf6 47.
Rf8+ Ke6 48. Rg8 Kf6 49. Rf8+ Kg7 50. Rb8 Kf7 51. Rb6 Kg7 52. Rb8 Kf6 53. Rf8+
Ke5 54. Rg8 Kf5 1/2-1/2

[Event "Qatar Masters Open 2014"]
[Site "Doha QAT"]
[Date "2014.11.27"]
[Round "2.26"]
[White "Durarbayli, Vasif"]
[Black "Belyakov, Bogdan"]
[Result "1/2-1/2"]
[WhiteElo "2621"]
[BlackElo "2456"]
[PlyCount "95"]
[EventDate "2014.11.26"]
[EventType "swiss"]
[EventRounds "9"]
[EventCountry "QAT"]
[Source "lmi"]
[SourceDate "2014.11.26"]

1. e4 e5 2. Nf3 Nc6 3. Bb5 Nf6 4. d3 Bc5 5. Bxc6 dxc6 6. Nbd2 Be6 7. Nb3 Bd6 8.
Na5 Rb8 9. Bd2 c5 10. Qe2 h6 11. a3 Nd7 12. h3 Qf6 13. g4 Nf8 14. O-O-O Ng6 15.
Kb1 Nf4 16. Bxf4 Qxf4 17. Nh4 h5 18. Nf5 Bf8 19. gxh5 a6 20. Qg4 Rh7 21. Rde1
Kd7 22. Nc4 Rd8 23. Nce3 Kc8 24. Qe2 Qg5 25. Ng3 Bd6 26. h4 Qf6 27. Nd5 Qh6 28.
Reg1 Rdh8 29. Qf3 Bf8 30. Qe2 Bd6 31. Ne3 Qf6 32. c4 Bf8 33. Nd5 Qd8 34. f4 c6
35. f5 Bd7 36. Ne3 f6 37. Nef1 Be8 38. Nd2 Bf7 39. Nf3 Be7 40. Rg2 Qd7 41. Kc2
Rd8 42. Qe3 Qc7 43. Nd2 a5 44. Nb3 a4 45. Nd2 b5 46. Rc1 Qd7 47. Rgg1 Qd4 48.
Qxd4 1/2-1/2

[Event "Qatar Masters Open 2014"]
[Site "Doha QAT"]
[Date "2014.11.27"]
[Round "2.27"]
[White "Ankit, R. Rajpara"]
[Black "Naroditsky, Daniel"]
[Result "1/2-1/2"]
[WhiteElo "2494"]
[BlackElo "2620"]
[PlyCount "80"]
[EventDate "2014.11.26"]
[EventType "swiss"]
[EventRounds "9"]
[EventCountry "QAT"]
[Source "lmi"]
[SourceDate "2014.11.26"]

1. d4 Nf6 2. c4 e6 3. Nc3 Bb4 4. Qc2 O-O 5. Nf3 d6 6. Bd2 c5 7. a3 Ba5 8. dxc5
dxc5 9. Rd1 Qe7 10. e3 b6 11. Bd3 Bb7 12. Ne4 Bxd2+ 13. Rxd2 Nbd7 14. O-O Ng4
15. Be2 f5 16. Nc3 Nde5 17. Nxe5 Nxe5 18. f4 Nd7 19. Bf3 Bxf3 20. Rxf3 Nf6 21.
e4 fxe4 22. Nxe4 e5 23. Re2 exf4 24. Rxf4 Nxe4 25. Qxe4 Qxe4 26. Rfxe4 Rad8 27.
g3 Rd1+ 28. Kg2 Rfd8 29. Kf3 R8d7 30. Re8+ Kf7 31. R8e4 R1d4 32. Rxd4 Rxd4 33.
b3 Rd3+ 34. Re3 Rd2 35. h4 h5 36. Ke4 Ke6 37. Kf4+ Kf6 38. a4 Rf2+ 39. Ke4 Ke6
40. Rd3 g6 1/2-1/2

[Event "Qatar Masters Open 2014"]
[Site "Doha QAT"]
[Date "2014.11.27"]
[Round "2.28"]
[White "Oleksienko, Mikhailo"]
[Black "Seyb, Alexander"]
[Result "1-0"]
[WhiteElo "2620"]
[BlackElo "2412"]
[PlyCount "91"]
[EventDate "2014.11.26"]
[EventType "swiss"]
[EventRounds "9"]
[EventCountry "QAT"]
[Source "lmi"]
[SourceDate "2014.11.26"]

1. e4 e5 2. Nf3 Nf6 3. Nxe5 d6 4. Nf3 Nxe4 5. Nc3 Nxc3 6. dxc3 Be7 7. Be3 Nc6
8. Qd2 Be6 9. O-O-O Qd7 10. Kb1 a6 11. h4 h6 12. Nd4 Nxd4 13. Bxd4 O-O 14. f3
f5 15. c4 b5 16. Qc3 Rf7 17. Be2 Bxc4 18. Bxc4 bxc4 19. Qxc4 d5 20. Qd3 Qb5 21.
h5 Bb4 22. Be5 Re8 23. f4 c6 24. Rc1 Be7 25. c4 dxc4 26. Qxc4 Bf6 27. Bxf6 Qxc4
28. Rxc4 Rxf6 29. Rhc1 Rc8 30. Rc5 g6 31. hxg6 Kg7 32. b4 Kxg6 33. R1c3 Re6 34.
g3 Kh5 35. Rxf5+ Kg4 36. Ra5 Rd8 37. Rxa6 Re2 38. Raxc6 Rd1+ 39. Rc1 Rxc1+ 40.
Kxc1 Rxa2 41. Rxh6 Kxg3 42. Rf6 Kf3 43. b5 Ke4 44. b6 Ra6 45. Kc2 Kd5 46. b7
1-0

[Event "Qatar Masters Open 2014"]
[Site "Doha QAT"]
[Date "2014.11.27"]
[Round "2.29"]
[White "Neelotpal, Das"]
[Black "Perunovic, Milos"]
[Result "1/2-1/2"]
[WhiteElo "2424"]
[BlackElo "2619"]
[PlyCount "71"]
[EventDate "2014.11.26"]
[EventType "swiss"]
[EventRounds "9"]
[EventCountry "QAT"]
[Source "lmi"]
[SourceDate "2014.11.26"]

1. d4 Nf6 2. Nf3 d5 3. c4 e6 4. Nc3 dxc4 5. e4 Bb4 6. Bxc4 Nxe4 7. O-O Nxc3 8.
bxc3 Be7 9. Ne5 O-O 10. Qg4 Nc6 11. Re1 Nxe5 12. dxe5 Kh8 13. Rd1 Qe8 14. Bd3
Bd7 15. Qe4 g6 16. Qxb7 Ba4 17. Bh6 Bxd1 18. Bxf8 Bxf8 19. Rxd1 Bc5 20. Qxc7
Bb6 21. Qb7 Rd8 22. Qf3 Kg8 23. Bc2 Rxd1+ 24. Bxd1 Qb5 25. Qe2 Qc5 26. c4 Bc7
27. g3 Bxe5 28. Bc2 Bc7 29. Kg2 Bb6 30. Be4 Kg7 31. Qb2+ f6 32. Qe2 f5 33. Bb7
Kf6 34. Qb2+ Kf7 35. Qe2 Kf6 36. Qb2+ 1/2-1/2

[Event "Qatar Masters Open 2014"]
[Site "Doha QAT"]
[Date "2014.11.27"]
[Round "2.30"]
[White "L'Ami, Erwin"]
[Black "Caprio, Guido"]
[Result "1-0"]
[WhiteElo "2618"]
[BlackElo "2401"]
[PlyCount "120"]
[EventDate "2014.11.26"]
[EventType "swiss"]
[EventRounds "9"]
[EventCountry "QAT"]
[Source "lmi"]
[SourceDate "2014.11.26"]

1. d4 Nf6 2. c4 e6 3. Nf3 b6 4. g3 Bb7 5. Bg2 Bb4+ 6. Bd2 c5 7. O-O O-O 8. Bxb4
cxb4 9. a3 bxa3 10. Rxa3 a5 11. Nc3 Na6 12. Qb3 Rc8 13. Rc1 Nb4 14. Na2 Nxa2
15. Qxa2 Nd5 16. e4 Nb4 17. Qb1 d6 18. h4 Qe7 19. Re3 e5 20. b3 Rfe8 21. Rd1
Ba6 22. Bf1 Rc7 23. Rd2 Bc8 24. Ne1 Qf6 25. Qd1 Rce7 26. Bg2 Bb7 27. dxe5 dxe5
28. Bh3 Rc7 29. Nc2 Nxc2 30. Rxc2 Bc8 31. Bxc8 Rcxc8 32. Rd2 a4 33. Rd6 Re6 34.
Rd7 axb3 35. Rf3 Qh6 36. Rfxf7 b2 37. Kg2 Rf6 38. Rxg7+ Qxg7 39. Rxg7+ Kxg7 40.
Qd7+ Kh6 41. Qd2+ Kg6 42. h5+ Kxh5 43. Qxb2 Re6 44. Qe2+ Kh6 45. Qg4 Rce8 46.
Kf1 Rf6 47. f4 exf4 48. gxf4 Re5 49. f5 Rc5 50. e5 Rfc6 51. Qh4+ Kg7 52. f6+
Kg8 53. Qg4+ Kf7 54. Qg7+ Ke6 55. Qe7+ Kf5 56. f7 Rc8 57. Qf6+ Ke4 58. e6 Rxc4
59. f8=Q Rc1+ 60. Kg2 R8c2+ 1-0

[Event "Qatar Masters Open 2014"]
[Site "Doha QAT"]
[Date "2014.11.27"]
[Round "2.32"]
[White "Potapov, Pavel"]
[Black "Sargissian, Gabriel"]
[Result "1/2-1/2"]
[WhiteElo "2479"]
[BlackElo "2687"]
[PlyCount "79"]
[EventDate "2014.11.26"]
[EventType "swiss"]
[EventRounds "9"]
[EventCountry "QAT"]
[Source "lmi"]
[SourceDate "2014.11.26"]

1. e4 c6 2. d4 d5 3. e5 Bf5 4. h4 h5 5. c4 e6 6. Nc3 Ne7 7. Nf3 Nd7 8. cxd5
Nxd5 9. Nxd5 cxd5 10. Be2 Bg4 11. g3 Be7 12. O-O Nb8 13. Ne1 Bh3 14. Ng2 g6 15.
Qb3 Qb6 16. Qxb6 axb6 17. Be3 Nc6 18. Rfc1 Kd7 19. a3 Rhc8 20. Rc3 Na7 21. Rac1
Rc6 22. Bd2 Bxg2 23. Kxg2 Rac8 24. f4 b5 25. Rxc6 bxc6 26. b4 Ra8 27. Rc3 Nc8
28. Bc1 Nb6 29. Bd1 f6 30. exf6 Bxf6 31. Rd3 Nc4 32. Bc2 Nd6 33. Rd1 Nf5 34.
Bxf5 exf5 35. Kf3 Re8 36. Be3 Re4 37. Rd3 Be7 38. Rb3 Bd6 39. Rd3 Be7 40. Rb3
1/2-1/2

[Event "Qatar Masters Open 2014"]
[Site "Doha QAT"]
[Date "2014.11.27"]
[Round "2.33"]
[White "Cheparinov, Ivan"]
[Black "Halkias, Stelios"]
[Result "1-0"]
[WhiteElo "2684"]
[BlackElo "2519"]
[PlyCount "119"]
[EventDate "2014.11.26"]
[EventType "swiss"]
[EventRounds "9"]
[EventCountry "QAT"]
[Source "lmi"]
[SourceDate "2014.11.26"]

1. d4 Nf6 2. c4 e6 3. Nf3 Bb4+ 4. Bd2 Qe7 5. g3 Bxd2+ 6. Qxd2 d5 7. Bg2 O-O 8.
O-O Nc6 9. Qc2 Rd8 10. Rd1 Bd7 11. Nbd2 Be8 12. Rac1 Rac8 13. a3 Nb8 14. b4
dxc4 15. Nxc4 Bc6 16. Qb2 Bd5 17. e3 c6 18. Nfe5 Bxg2 19. Kxg2 b6 20. Qe2 Rc7
21. Qf3 Ne8 22. Rc2 Rdc8 23. Rdc1 Qd8 24. Nd3 Qd5 25. Nf4 Qxf3+ 26. Kxf3 Kf8
27. e4 Ke7 28. Ke3 Nd7 29. h4 c5 30. bxc5 bxc5 31. d5 Ndf6 32. Kf3 exd5 33.
exd5 Kf8 34. d6 Rb7 35. Rd1 Rd8 36. Rd3 Nd7 37. Nd5 Nb6 38. Ndxb6 axb6 39. a4
Ra7 40. Nxb6 Ra6 41. d7 Rxb6 42. dxe8=Q+ Rxe8 43. Rxc5 Rf6+ 44. Kg2 Re2 45. Rf3
Rxf3 46. Kxf3 Ra2 47. a5 Ke7 48. Ke3 g6 49. h5 h6 50. Rb5 Ke6 51. g4 Ra3+ 52.
Kd4 Kd7 53. g5 hxg5 54. h6 Kc7 55. f4 Ra4+ 56. Kd5 Rxf4 57. a6 Rf5+ 58. Kc4
Rf4+ 59. Kd3 Rf3+ 60. Ke2 1-0

[Event "Qatar Masters Open 2014"]
[Site "Doha QAT"]
[Date "2014.11.27"]
[Round "2.34"]
[White "Aravindh, Chithambaram Vr"]
[Black "Saric, Ivan"]
[Result "0-1"]
[WhiteElo "2485"]
[BlackElo "2680"]
[PlyCount "82"]
[EventDate "2014.11.26"]
[EventType "swiss"]
[EventRounds "9"]
[EventCountry "QAT"]
[Source "lmi"]
[SourceDate "2014.11.26"]

1. e4 e5 2. Nf3 Nc6 3. Bb5 a6 4. Ba4 Nf6 5. O-O Be7 6. Re1 b5 7. Bb3 d6 8. c3
O-O 9. h3 Na5 10. Bc2 c5 11. d4 Nd7 12. d5 Nb6 13. Nbd2 Bd7 14. Nf1 Nb7 15. Ng3
g6 16. Bh6 Re8 17. Qc1 Qc7 18. Nh2 Nd8 19. f4 Bh4 20. f5 f6 21. Ng4 Nf7 22. Rf1
Qd8 23. Be3 Nc4 24. Bf2 Bg5 25. Ne3 Kh8 26. b3 Nxe3 27. Bxe3 Rg8 28. Bxg5 Nxg5
29. Qe3 Qe7 30. h4 Nf7 31. Qf3 Nh6 32. fxg6 Rxg6 33. Nf5 Bxf5 34. exf5 Rg4 35.
Be4 Qg7 36. a4 b4 37. cxb4 cxb4 38. Rac1 Rxh4 39. Rc4 Ng4 40. g3 Qa7+ 41. Rf2
Rh2 0-1

[Event "Qatar Masters Open 2014"]
[Site "Doha QAT"]
[Date "2014.11.27"]
[Round "2.35"]
[White "Berkes, Ferenc"]
[Black "Thejkumar, M. S."]
[Result "1/2-1/2"]
[WhiteElo "2669"]
[BlackElo "2443"]
[PlyCount "125"]
[EventDate "2014.11.26"]
[EventType "swiss"]
[EventRounds "9"]
[EventCountry "QAT"]
[Source "lmi"]
[SourceDate "2014.11.26"]

1. d4 d5 2. c4 e6 3. Nc3 Be7 4. cxd5 exd5 5. Bf4 Nf6 6. e3 O-O 7. Bd3 c5 8.
Nge2 Nc6 9. O-O c4 10. Bc2 Be6 11. a3 a6 12. Bg5 Nh5 13. Bxe7 Qxe7 14. Qd2 Rad8
15. Rad1 f5 16. f3 Nf6 17. h3 Bc8 18. e4 fxe4 19. fxe4 Nxe4 20. Rxf8+ Rxf8 21.
Nxe4 dxe4 22. Qe3 Qd6 23. Ng3 Ne7 24. Nxe4 Nd5 25. Qg5 Qd8 26. Qxd8 Rxd8 27.
Rd2 Bf5 28. Nc5 Bxc2 29. Rxc2 b6 30. Nxa6 Ra8 31. Nb4 Nxb4 32. axb4 b5 33. Rf2
Ra4 34. d5 Ra1+ 35. Kh2 g6 36. Rd2 Kf7 37. d6 Ke8 38. Rd5 Kd7 39. Rxb5 Kxd6 40.
Rc5 Rb1 41. Rxc4 Rxb2 42. Kg3 Ke5 43. Rc5+ Kf6 44. b5 h5 45. h4 Rb4 46. Rc6+
Kf5 47. Rc5+ Kf6 48. Rg5 Kf7 49. Re5 Kf6 50. Rc5 Rg4+ 51. Kh3 Rb4 52. Rd5 Ke6
53. Rg5 Kf7 54. Kg3 Kf6 55. Rc5 Rg4+ 56. Kh3 Rb4 57. Rc6+ Kf5 58. Rb6 Rb3+ 59.
g3 Rb2 60. Rb7 Ke6 61. Rb8 Kf6 62. b6 Kg7 63. Rb7+ 1/2-1/2

[Event "Qatar Masters Open 2014"]
[Site "Doha QAT"]
[Date "2014.11.27"]
[Round "2.36"]
[White "Akopian, Vladimir"]
[Black "Huang, Qian"]
[Result "1-0"]
[WhiteElo "2657"]
[BlackElo "2464"]
[PlyCount "65"]
[EventDate "2014.11.26"]
[EventType "swiss"]
[EventRounds "9"]
[EventCountry "QAT"]
[Source "lmi"]
[SourceDate "2014.11.26"]

1. e4 d5 2. exd5 Qxd5 3. Nc3 Qd6 4. d4 Nf6 5. Nf3 g6 6. Bc4 Bg7 7. O-O O-O 8.
Re1 a6 9. Bg5 b5 10. Bb3 Bb7 11. Ne5 Nc6 12. Bxf6 exf6 13. Ne4 Qd8 14. Nxf7
Rxf7 15. Nc5 Rb8 16. a4 Bc8 17. axb5 axb5 18. c3 Bf8 19. Qf3 Rb6 20. Ne6 Bxe6
21. Rxe6 Kg7 22. Rxc6 Rxc6 23. Qxc6 Qd7 24. Ra6 Qf5 25. g3 Re7 26. Be6 Qb1+ 27.
Kg2 Kh6 28. Qf3 Kg7 29. g4 Qc1 30. h4 g5 31. Bd5 Qf4 32. Qxf4 gxf4 33. Rc6 1-0

[Event "Qatar Masters Open 2014"]
[Site "Doha QAT"]
[Date "2014.11.27"]
[Round "2.37"]
[White "Hedman, Erik"]
[Black "Mamedov, Rauf"]
[Result "0-1"]
[WhiteElo "2370"]
[BlackElo "2652"]
[PlyCount "68"]
[EventDate "2014.11.26"]
[EventType "swiss"]
[EventRounds "9"]
[EventCountry "QAT"]
[Source "lmi"]
[SourceDate "2014.11.26"]

1. d4 d6 2. e4 e5 3. dxe5 dxe5 4. Qxd8+ Kxd8 5. Bc4 f6 6. Be3 c6 7. Nd2 Kc7 8.
a4 Nd7 9. Nb3 Nb6 10. Bf7 Nh6 11. a5 Nd7 12. Bc4 Ng4 13. Bd2 Nc5 14. f3 Nh6 15.
Be3 Ne6 16. Ne2 Nf7 17. O-O Nd6 18. Bd3 g5 19. g3 Be7 20. Kg2 Rg8 21. Kf2 Bd7
22. c4 b6 23. axb6+ axb6 24. Rxa8 Rxa8 25. Ra1 Rxa1 26. Nxa1 Nb7 27. Bc2 Nec5
28. Nb3 Nxb3 29. Bxb3 Be6 30. Ba2 b5 31. b3 bxc4 32. bxc4 Na5 33. Bd2 Nxc4 34.
Ke1 Nxd2 0-1